|
|
|
|
| LEADER |
00000nab a2200000 a 4500 |
| 001 |
vtls000859797 |
| 003 |
SK-MaSNL |
| 005 |
20260318122410.0 |
| 008 |
160405c2003 xo 0 eng |
| 015 |
|
|
|a SNBRB2004/01-03038
|
| 035 |
|
|
|a CLN000211415
|
| 040 |
|
|
|a SNKBUCL
|b slo
|c SNKBUCL
|e AACR2
|
| 041 |
0 |
|
|a eng
|
| 044 |
|
|
|a xo
|c SK
|
| 080 |
|
|
|a 616.24-005.7:615.273.55:061.3
|2 1997
|
| 100 |
1 |
|
|a Mazuch, Július,
|d 1936-
|4 aut
|9 196151
|
| 245 |
1 |
0 |
|a Thrombolytic therapy of massive pulmonary embolism
|c Július Mazuch, Dušan Mištuna, D. Golian
|
| 650 |
0 |
7 |
|a streptokináza
|2 MESH
|9 18366
|
| 650 |
0 |
7 |
|a trombolytická terapia
|2 MESH
|9 205011
|
| 650 |
0 |
7 |
|a farmakoterapia
|2 MESH
|9 14158
|
| 650 |
0 |
7 |
|a pľúcna embólia
|2 MESH
|9 100620
|
| 650 |
0 |
7 |
|a abstrakty z kongresu
|2 MESH
|9 168204
|
| 650 |
0 |
7 |
|a výsledok liečby
|2 MESH
|9 839245
|
| 650 |
0 |
7 |
|a tromboembolická choroba
|2 SNKPH
|9 120004
|
| 650 |
0 |
7 |
|a terapia
|2 SNKPH
|9 781
|
| 650 |
0 |
7 |
|a štatistika a číselné údaje
|2 SNK
|9 839240
|
| 655 |
|
7 |
|a články z novín a časopisov
|2 SNK
|9 267496
|
| 700 |
1 |
|
|a Mištuna, Dušan,
|d 1948-
|4 aut
|9 196511
|
| 700 |
1 |
|
|a Golian, Dušan
|4 aut
|9 28261
|
| 711 |
1 |
|
|a Tradiční angiologické dny
|n (29. :
|d 2003 :
|c Praha, Česko)
|4 aut
|9 110941
|
| 773 |
0 |
|
|x 1210-5406
|t Praktická flebologie
|g Roč. 12, č. 4 (2003), s. 109
|
| 850 |
|
|
|a Slovenská národná knižnica v Martine
|
| 852 |
|
|
|a SNK
|b KIS3GCP
|
| 958 |
|
|
|a MI
|
| 958 |
|
|
|a RBX
|
| 999 |
|
|
|c 3209291
|d 3211221
|